| 000 | 01037nam a2200253Ia 4500 | ||
|---|---|---|---|
| 003 | OSt | ||
| 005 | 20221002045710.0 | ||
| 006 | a|||||r|||| 00| 0 | ||
| 007 | ta | ||
| 008 | 220930b |||||||| |||| 00| 0 hin d | ||
| 020 |
_a9788126724956 (hbk) _c4000 |
||
| 024 | _a16298 | ||
| 037 |
_bBR6148, 23/12/2014, Rajkamal Prakashan Pvt. Ltd. _cReference Collections |
||
| 040 |
_aCRL _cCRL _bhin |
||
| 041 |
_2hin _ahin |
||
| 082 | _aO152,1(Q224)k, Q4.1-.2(RR) | ||
| 100 |
_aयोगेन्द्र प्रताप सिंह, संपा. _9160025 |
||
| 245 | 0 | _aरामसाहित्य कोश | |
| 260 |
_aनयी _bदिल्ली राजकमल प्रकाशन _c2014 |
||
| 490 | _vखण्ड 1 | ||
| 650 | _aहिन्दी साहित्य | ||
| 942 |
_hO152,1(Q224)k, Q4.1-.2(RR) _cref _2CC |
||
| 999 |
_c912974 _d912974 |
||